| 000 | 00000nam 2200000za 4500 |
| 001 | 9.851867 |
| 003 | CaOODSP |
| 005 | 20221107154442 |
| 007 | cr ||||||||||| |
| 008 | 180214s2018 onc o f000 0 fre d |
| 020 | |a9780660252377 |
| 040 | |aCaOODSP|bfre |
| 043 | |an-cn--- |
| 086 | 1 |aH129-74/2018F-PDF |
| 245 | 03|aLa légalisation et la réglementation stricte du cannabis |h[ressource électronique] : |bles faits. |
| 260 | |a[Ottawa] : |bGouvernement du Canada, |cc2018. |
| 300 | |a2 p. |
| 500 | |aPubl. aussi en anglais sous le titre: Legalizing and strictly regulating cannabis: the facts. |
| 500 | |aTitre de départ. |
| 500 | |aPubl. par : Santé Canada. |
| 500 | |aPubl. aussi en format HTML. |
| 520 | |a« Cette fiche de renseignements décrit comment la Loi sur le Cannabis en limite l'accès, protège la santé et la sécurité du public, fixe des sanctions pénales » -- Fourni par l'éditeur. |
| 692 | 07|2gccst|aMarijuana |
| 693 | 4|aDrogues--Légalisation |
| 710 | 1 |aCanada. |bSanté Canada. |
| 775 | 08|tLegalizing and strictly regulating cannabis |w(CaOODSP)9.851866 |
| 794 | |tLa légalisation et la réglementation stricte du cannabis |w(CaOODSP)9.853483 |
| 795 | |tLa légalisation et la réglementation stricte du cannabis |w(CaOODSP)9.835171 |
| 856 | 40|qPDF|s109 Ko|uhttps://publications.gc.ca/collections/collection_2018/sc-hc/H129-74-2018-fra.pdf |
| 856 | 4 |qHTML|sS.O.|uhttps://www.canada.ca/fr/services/sante/campagnes/legalisation-reglementation-stricte-cannabis-faits.html |
| 986 | |a170484 |